00489nam a2200205Ia 450000500170000000800460001702000180006303700100008104000080009104000080009904000080010704100080011504100080012308400080013124500340013926000220017326000090019565000300020485600490023420260306150817.0008 260114s9999 xx 000 0 eng d a9783111556871 aEbook aCRL beng cCRL 2eng aeng qCRL 2aA Sanskrit-English dictionary bDe Gruyter Mouton c1891 aLinguistics and Semiotics uhttps://www.degruyter.com/isbn/9783111556871